000 00735nam a2200193 i 4500
001 98090
003 ES-MaACL
005 20230906182220.0
007 t|
008 050722s1970 sp ||||1| spa d
100 1 _aMarrama, Vittorio.
_977059
245 1 0 _aProblemas y técnicas de programación económica /
_cVittorio Marrama; traducción por Francisco Javier García Ruiz y Luis Hernández Alfonso; adaptación a la tercera edición italiana por Josefina Culebras Abril.
260 _aMadrid :
_bAguilar,
_c1970.
300 _aXV, 207 p. ;
_c22 cm.
700 1 _aGarcía Ruiz, Javier.
_955239
700 1 _aHernández Alfonso, Luis.
_962874
700 1 _aCulebras Abril, Josefina.
_942130
852 _aES-MaACL
_jC-46136
_bR.74020
999 _c98090
_d98090